Projektmanagement <Eine> Antwort auf die Hierarchiekrise

Enregistré dans:
Détails bibliographiques
Auteur principal: Heintel, Peter
Autres auteurs: Krainz, Ewald E.
Format: Livre
Langue:allemand
Publié: Wiesbaden Gabler 1990
Édition:2. Aufl.
Sujets:
Tags: Ajouter un tag
Pas de tags, Soyez le premier à ajouter un tag!

MARC

LEADER 00000nam a2200000 4500
001 c000107
005 20221215125437.0
020 |a 3-409-23201-X 
041 0 |a ger 
044 |a DE 
245 1 0 |a Projektmanagement  |b <Eine> Antwort auf die Hierarchiekrise  |c Peter Heintel, Ewald E. Krainz 
250 |a 2. Aufl. 
264 1 |a Wiesbaden  |b Gabler  |c 1990 
300 |a 251 s. 
610 2 0 |a manažment 
610 2 0 |a projekty 
610 2 0 |a podnik 
610 2 0 |a vzdelávanie 
610 2 0 |a poradenstvo 
610 2 0 |a riadenie strategické 
100 1 |a Heintel, Peter 
700 1 |a Krainz, Ewald E.